|
|
|
|
| LEADER |
00000cam a2200000 a 4500 |
| 001 |
vtls010071627 |
| 003 |
SK-MaSNL |
| 005 |
20260426013349.0 |
| 008 |
240318s2009 xo ob f 001 0 eng |
| 015 |
|
|
|a SNBA2010/04-02353
|
| 020 |
|
|
|a 9788080464516
|q (brož.)
|
| 035 |
|
|
|a D6085479-4EAF-4FBB-9A0D-A1F1208D3DBD
|
| 035 |
|
|
|a urn:nbn:sk:snk-aml69a
|
| 035 |
|
|
|a urn:nbn:sk:snk-am008uu2
|
| 040 |
|
|
|a SNK
|b slo
|c SNK
|e AACR2
|
| 041 |
1 |
|
|a eng
|h slo
|
| 043 |
|
|
|a e-xo---
|
| 044 |
|
|
|a xo
|c SK
|
| 072 |
|
7 |
|a 72
|x Architektúra
|2 konspekt
|
| 080 |
|
|
|a 72(437.6)
|2 2001
|
| 080 |
|
|
|a 72.036/.038
|2 2001
|
| 080 |
|
|
|a (036)
|2 2001
|
| 080 |
|
|
|a (048.8)
|2 2001
|
| 080 |
|
|
|a 72.071.1
|2 2001
|
| 100 |
1 |
|
|a Dulla, Matúš,
|d 1950-
|4 aut
|9 86939
|
| 240 |
1 |
0 |
|a Slovenská architektúra od Jurkoviča po dnešok
|l Slovensky
|
| 245 |
1 |
0 |
|a Slovak architecture of 20th/21st century
|c [text and selection of pictorial material: Matúš Dulla ; translation: Scarlet Veal and Richard Veal]
|
| 250 |
|
|
|a 1st ed. eng.
|
| 260 |
|
|
|a Bratislava
|b Perfekt
|c 2009
|
| 300 |
|
|
|a 186 s.
|b fotogr., mp.
|c 19 cm
|
| 500 |
|
|
|a Preložené zo slovenčiny
|
| 504 |
|
|
|a Bibliogr. s. 180. Reg. architektov a architektonických objektov
|
| 648 |
|
7 |
|a 20.-21. stor.
|2 SNKPH
|9 270701
|
| 648 |
|
7 |
|a 20th-21st centuries
|2 SNKPHeng
|9 285312
|
| 650 |
0 |
7 |
|a slovenská architektúra
|2 SNKPH
|9 2967
|
| 650 |
0 |
7 |
|a Slovak architecture
|2 SNKPHeng
|9 267156
|
| 650 |
0 |
7 |
|a moderná architektúra
|2 SNKPH
|9 68287
|
| 650 |
0 |
7 |
|a Modern architecture
|2 SNKPHeng
|9 276030
|
| 650 |
0 |
7 |
|a architekti
|2 SNKPH
|9 2959
|
| 650 |
0 |
7 |
|a Architects
|2 SNKPHeng
|9 275799
|
| 651 |
|
7 |
|a Slovensko
|2 SNKPH
|9 14231
|
| 651 |
|
7 |
|a Slovakia
|2 SNKPHeng
|9 92630
|
| 655 |
|
7 |
|a Surveys
|2 SNKPHeng
|9 266058
|
| 655 |
|
7 |
|a prehľady
|2 SNKPH
|9 70194
|
| 700 |
1 |
|
|a Veal, Scarlet
|4 trl
|9 306621
|
| 700 |
1 |
|
|a Veal, Richard
|4 trl
|9 718093
|
| 852 |
|
|
|a Štátna vedecká knižnica v Banskej Bystrici
|
| 919 |
|
|
|a 978-80-8046-451-6
|
| 958 |
|
|
|a OP
|
| 958 |
|
|
|a NB
|
| 968 |
|
|
|a Eng
|b SLO
|d 71/72
|
| 999 |
|
|
|c 1121306
|d 1123236
|
| 952 |
|
|
|a SNK
|b SNK
|y PREZ
|7 0
|p 17A0649720
|o snkSC 139393
|i snk2010/5320
|8 0
|0 0
|1 0
|4 0
|d 2010-03-16
|f 1
|l 0
|r 2017-06-30 00:00:00
|w 2026-02-24
|
| 952 |
|
|
|a SNK
|b SNK
|y VYP
|7 0
|p 17A0649721
|o snkSC 139393 D1
|i snk2010/5321
|8 0
|0 0
|1 0
|4 0
|d 2010-03-16
|l 0
|r 2026-02-24 18:31:28
|w 2026-02-24
|